000 01125nam a22003137a 4500
001 7732
003 FISKH
005 20250801143131.0
008 250801b cb ||||| |||| 00| 0 eng d
020 _a9780545111256
040 _aFISKH
_beng
_cFISKH
_dFISKH
050 _aPZ8.G824 F
082 _a156
100 _aGreene, Rhonda Gowler
245 _aFirebears :
_bThe rescue team /
_cBy Rhonda Gowler Greene : illustrated by Dan Andreasen
250 _aFirst Scholastic printing, October 2007
260 _aNew York :
_bScholastic ,
_c2005.
300 _a30 unnumbered pages :
_bcolor illustrations ;
_c23 x 23 cm .
505 _aJ
520 _aAlways ready to fight fires, the Firebears of Fire Station Number Eight slide down poles, rescue cats, and save people from burning houses.
521 8 _a500
_bLexile estimate
521 8 _aJ
_bRaz-Plus
650 _aCommunity helpers
_vJuvenile Literature
650 _aFire safety
_vJuvenile Literature
650 _aFire prevention
_vJuvenile Literature
700 _aAndreasen, Dan
_eIllustrator
942 _2ddc
_cBK
_n0
999 _c7732
_d7732